Tìm hiểu về thanh đồng trong hoạt động tâm linh diễn xướng hát văn hầu thánh dân gian Việt Nam
Khái quát về hát văn diễn xướng hầu thánh. Nghiên cứu về thanh đồng trong hoạt động hát văn hầu thánh
Bewaard in:
| Hoofdauteur: | |
|---|---|
| Formaat: | Boek |
| Taal: | Vietnamese |
| Gepubliceerd in: |
H.
Khoa học xã hội
2015
|
| Onderwerpen: | |
| Tags: |
Voeg label toe
Geen labels, Wees de eerste die dit record labelt!
|
| Thư viện lưu trữ: | Mạng thư viện Đại học Đà Nẵng |
|---|
| LEADER | 01727aam a22003978a 4500 | ||
|---|---|---|---|
| 001 | 000023893 | ||
| 003 | 20346 | ||
| 005 | 20160513090520.0 | ||
| 008 | 160425s2015 viesd | ||
| 020 | |d 2000b | ||
| 041 | 0 | |a vie | |
| 082 | 0 | 4 | |2 23 |a 781.62109597 |b VĂ-D |
| 100 | 1 | |a Văn Duy | |
| 245 | 1 | 0 | |a Tìm hiểu về thanh đồng trong hoạt động tâm linh diễn xướng hát văn hầu thánh dân gian Việt Nam |c Văn Duy |
| 260 | |a H. |b Khoa học xã hội |c 2015 | ||
| 300 | |a 223 tr. |b ảnh |c 21 cm. | ||
| 500 | |a ĐTTS ghi: Hội Văn nghệ dân gian Việt Nam | ||
| 504 | |a Thư mục: tr. 185-214. - Phụ lục: tr. 215-216 | ||
| 520 | |a Khái quát về hát văn diễn xướng hầu thánh. Nghiên cứu về thanh đồng trong hoạt động hát văn hầu thánh | ||
| 650 | 0 | 4 | |2 Bộ TK TVQG |a Nghệ thuật truyền thống |x Nghiên cứu |z Việt Nam |
| 650 | 7 | |2 Bộ TK TVQG | |
| 651 | 7 | |2 Bộ TK TVQG |a Việt Nam | |
| 653 | |a Thanh đồng | ||
| 653 | |a Hát chầu văn | ||
| OWN | |a LSP | ||
| AVA | |a UDN50 |b LNN |d 895.922 VĂ-D |e available |t Error 5001 Not defined in file expand_doc_bib_avail. |f 1 |g 0 |h N |i 0 | ||
| AVA | |a UDN50 |b LSP |d 781.62109597 VĂ-D |e available |t Error 5001 Not defined in file expand_doc_bib_avail. |f 1 |g 0 |h N |i 0 |k 1 | ||
| 999 | |a From the UDN01 | ||
| AVA | |a UDN50 |b LNN |d 895.922 VĂ-D |e available |t Error 5001 Not defined in file expand_doc_bib_avail. |f 1 |g 0 |h N |i 0 | ||
| AVA | |a UDN50 |b LSP |d 781.62109597 VĂ-D |e available |t Error 5001 Not defined in file expand_doc_bib_avail. |f 1 |g 0 |h N |i 0 |k 1 | ||
| TYP | |a Monograph | ||
| TYP | |a Printed language | ||
| 980 | |a Mạng thư viện Đại học Đà Nẵng | ||